Statistiken für Alle Minderheiten Irlands

Klicken Sie hier um das Quiz zu spielen!

Allgemein

  • Dieses Quiz wurde 32 mal gespielt
  • Das Durchschnittsergebnis liegt bei 16 aus 22

Antwortstatistiken

BevölkerungLand% Korrekt
10,519USA
100%
11,531Deutschland
96%
11,661Frankreich
96%
11,732Italien
93%
12,112Spanien
93%
103,113Vereinigtes Königreich
93%
9,575China
89%
4,313Niederlande
89%
11,465Indien
85%
122,515Polen
81%
1,800Schweden
81%
13,640Brasilien
74%
29,186Rumänien
70%
720Österreich
63%
7,351Pakistan
63%
9,717Slowakei
59%
4,928Tschechien
59%
5,285Kroatien
56%
9,286Ungarn
56%
19,933Lettland
52%
36,552Litauen
52%
6,084Nigeria
26%

Verteilung der Resultate

Perzentil nach korrekt beantworteten Fragen

Anzahl Personen mit jedem Resultat

Ihre Resultats-Entwicklung

Sie haben dieses Quiz noch nicht gespielt